Score 0/10 Timer 04:00
0 Plays Today
Rank City % Correct
9Buenos Aires, Argentina
91%
1São Paulo, Brazil
89.5%
5Rio de Janeiro, Brazil
86.6%
6Johannesburg, South Africa
82.2%
7Cape Town - South Africa
76.3%
2Jakarta, Indonesia
75.5%
4Lima, Peru
65.2%
3Kinshasa, DRC
55.4%
10Nairobi, Kenya
42.9%
8Durban, South Africa
37.7%
Remove Ads.
Support Sporcle.
Get the best of Sporcle when you Go Orange. This ad-free experience offers more features, more stats, and more fun while also helping to support Sporcle. Thank you for becoming a member.

You're not logged in!

Compare scores with friends on all Sporcle quizzes.
OR
Log In

Show Comments

Extras

Top Quizzes Today


Score Distribution

Your Account Isn't Verified!

In order to create a playlist on Sporcle, you need to verify the email address you used during registration. Go to your Sporcle Settings to finish the process.

Report this User

Report this user for behavior that violates our Community Guidelines.

Details: